[Event "SVK-chT 1617"]
[Site "Slovakia"]
[Date "2017.02.19"]
[Round "8.6"]
[White "Meszaros, Michal"]
[Black "Karas, Marek"]
[Result "0-1"]
[WhiteElo "2392"]
[BlackElo "2196"]
[PlyCount "158"]
[EventDate "2016.10.22"]
[EventType "team-tourn"]
[EventRounds "11"]
[EventCountry "SVK"]
[SourceTitle "CBM 177 Extra"]
[Source "ChessBase"]
[SourceDate "2017.04.27"]
[SourceVersion "1"]
[SourceVersionDate "2017.04.27"]
[SourceQuality "1"]
[WhiteTeam "Dunajska Streda"]
[BlackTeam "Osuske"]
[WhiteTeamCountry "SVK"]
[BlackTeamCountry "SVK"]

1. g3 e5 2. Bg2 Nf6 3. d3 d5 4. Nf3 Nc6 5. 0-0 Be7 6. c3 a5 7. Qc2 0-0 8. e4 h6 9. h3 Be6 10. Re1 dxe4 11. dxe4 Qc8 12. Kh2 Rd8 13. a4 Nd7 14. Bf1 Nc5 15. Nbd2 Qd7 16. Nc4 f6 17. Nh4 Nd3 18. Bxd3 Qxd3 19. Qxd3 Rxd3 20. Ne3 Rad8 21. Re2 Bb3 22. Nf3 Bc5 23. Nd2 Be6 24. Ndf1 Nb8 25. Rd2 Na6 26. Kg2 Bf8 27. Rxd3 Rxd3 28. Nd2 Nc5 29. Kf3 b6 30. Ke2 Rd8 31. h4 h5 32. f3 g6 33. c4 c6 34. b3 Bh6 35. Rb1 Rd3 36. Nef1 Bh3 37. Ba3 Bxf1+ 38. Nxf1 Rxb3 39. Rxb3 Nxb3 40. Be7 Bf8 41. Bxf6 Nc5 42. Bxe5 Nxa4 43. Kd2 b5 44. cxb5 cxb5 45. Ne3 Nc5 46. Nd5 b4 47. Bc7 a4 48. Nxb4 Nxe4+ 49. fxe4 Bxb4+ 50. Kd3 Kf7 51. Kc4 Be7 52. Be5 Ke6 53. Bf4 a3 54. Kb3 Bc5 55. Ka2 Kd7 56. Kb3 Kc6 57. Bc1 Kb5 58. Bf4 Be7 59. Be5 Kc5 60. Bc3 Kb5 61. Be5 Kc6 62. Bf4 Kc5 63. Be3+ Kb5 64. Bf4 Bf8 65. Be3 Bg7 66. Bf4 a2 67. Kxa2 Kc4 68. e5 Kd5 69. e6 Kxe6 70. Kb3 Be5 71. Bg5 Bxg3 72. Kc3 Kf5 73. Kd3 Kg4 74. Ke2 Bxh4 75. Bh6 Bg3 76. Kf1 Kf3 77. Bg5 Bf2 78. Bf6 h4 79. Be5 h3 0-1

[Event "SVK-chT 1617"]
[Site "Slovakia"]
[Date "2017.02.18"]
[Round "7.5"]
[White "Vojtek, Vladimir"]
[Black "Meszaros, Michal"]
[Result "1/2-1/2"]
[WhiteElo "2237"]
[BlackElo "2392"]
[PlyCount "40"]
[EventDate "2016.10.22"]
[EventType "team-tourn"]
[EventRounds "11"]
[EventCountry "SVK"]
[SourceTitle "CBM 177 Extra"]
[Source "ChessBase"]
[SourceDate "2017.04.27"]
[SourceVersion "1"]
[SourceVersionDate "2017.04.27"]
[SourceQuality "1"]
[WhiteTeam "Dubnica nad Vahom"]
[BlackTeam "Dunajska Streda"]
[WhiteTeamCountry "SVK"]
[BlackTeamCountry "SVK"]

1. e4 e5 2. Nf3 Nc6 3. Bb5 a6 4. Ba4 Nge7 5. c3 g6 6. d4 exd4 7. Nxd4 b5 8. Bb3 Bg7 9. Bg5 Bb7 10. 0-0 h6 11. Be3 Na5 12. Bc2 d5 13. Nd2 c5 14. N4b3 c4 15. Nxa5 Qxa5 16. exd5 Bxd5 17. Re1 Qc7 18. Be4 0-0 19. Qf3 Rad8 20. Rad1 Qc6 1/2-1/2

[Event "SVK-chT 1516"]
[Site "Slovakia"]
[Date "2015.10.10"]
[Round "1.2"]
[White "Tauber, Marek"]
[Black "Meszaros, Michal"]
[Result "1/2-1/2"]
[WhiteElo "2144"]
[BlackElo "2388"]
[PlyCount "89"]
[EventDate "2015.10.10"]
[EventType "team-tourn"]
[EventRounds "11"]
[EventCountry "SVK"]
[SourceTitle "CBM 168 Extra"]
[Source "ChessBase"]
[SourceDate "2015.10.29"]
[SourceVersion "1"]
[SourceVersionDate "2015.10.29"]
[SourceQuality "1"]
[WhiteTeam "Kosice Slavia"]
[BlackTeam "Dunajska Streda"]
[WhiteTeamCountry "SVK"]
[BlackTeamCountry "SVK"]

1. e4 g6 2. d4 Bg7 3. Nc3 d6 4. g3 Nd7 5. Bg2 e5 6. Nge2 Ngf6 7. 0-0 0-0 8. h3 Re8 9. Bg5 c6 10. a4 a5 11. Qd2 Qc7 12. Rad1 b6 13. Rfe1 Ba6 14. Bh6 Bh8 15. dxe5 dxe5 16. Qe3 Rad8 17. Rd2 Nc5 18. Red1 Nfd7 19. Nc1 Ne6 20. Bf1 Bxf1 21. Kxf1 Bf6 22. Nb3 Nd4 23. Ne2 Ne6 24. Kg2 Be7 25. Nec1 b5 26. axb5 cxb5 27. c3 a4 28. Na1 Nb6 29. Rxd8 Rxd8 30. Rxd8+ Qxd8 31. Nd3 Nc4 32. Qe2 Nc5 33. Nxc5 Bxc5 34. Bc1 h5 35. h4 Qf6 36. Nc2 Nd6 37. f3 Nc4 38. Be3 Qb6 39. Bxc5 Qxc5 40. Nb4 Ne3+ 41. Kh2 Nc4 42. Nd5 Kg7 43. g4 Nb6 44. Nxb6 Qxb6 45. gxh5 1/2-1/2

[Event "EU-Cup 30th"]
[Site "Bilbao"]
[Date "2014.09.15"]
[Round "2.5"]
[White "Meszaros, Michal"]
[Black "Bartel, Mateusz"]
[Result "0-1"]
[WhiteElo "2408"]
[BlackElo "2636"]
[PlyCount "102"]
[EventDate "2014.09.14"]
[EventType "team-swiss"]
[EventRounds "7"]
[EventCountry "ESP"]
[SourceTitle "CBM 163"]
[Source "ChessBase"]
[SourceDate "2014.11.11"]
[SourceVersion "1"]
[SourceVersionDate "2014.11.11"]
[SourceQuality "1"]
[WhiteTeam "Dunajska Streda"]
[BlackTeam "Novy Bor"]
[WhiteTeamCountry "SVK"]
[BlackTeamCountry "CZE"]

1. e4 e5 2. Nf3 Nc6 3. Bb5 a6 4. Ba4 Nf6 5. 0-0 Be7 6. d3 d6 7. c3 0-0 8. Nbd2 Nd7 9. Bc2 Nb6 10. Re1 f5 11. exf5 Bxf5 12. h3 Bf6 13. Ne4 d5 14. Ng3 Bg6 15. Qe2 Qd6 16. Be3 Rae8 17. Rad1 Nd7 18. c4 Nd4 19. Bxd4 exd4 20. Qd2 Rxe1+ 21. Nxe1 Be5 22. Nf1 Bh5 23. f3 Bf7 24. cxd5 Nf6 25. Bb3 Nxd5 26. Bxd5 Bxd5 27. b3 c5 28. Qf2 b5 29. Kh1 Bf4 30. Nd2 Be3 31. Qh4 g5 32. Ne4 Qg6 33. Qg3 Bf4 34. Qf2 g4 35. Qh4 gxh3 36. Qxh3 Rf5 37. g4 Rf7 38. Ng2 Be5 39. Nh4 Qh6 40. Kg2 Qe3 41. Nf5 Qe2+ 42. Nf2 Bf4 43. Rh1 Kf8 44. b4 c4 45. Nxd4 Qe5 46. dxc4 bxc4 47. Nf5 c3 48. Qh4 Ke8 49. Ne4 Bxe4 50. Re1 c2 51. Rxe4 Qxe4 0-1

[Event "HUN-chT 1314"]
[Site "Hungary"]
[Date "2013.09.22"]
[Round "2"]
[White "Meszaros, Michal"]
[Black "Fogarasi, Tibor"]
[Result "1-0"]
[WhiteElo "2409"]
[BlackElo "2402"]
[PlyCount "97"]
[EventDate "2013.09.08"]
[EventType "team-tourn"]
[EventRounds "9"]
[EventCountry "HUN"]
[SourceTitle "EXT 2015"]
[Source "ChessBase"]
[SourceDate "2014.11.20"]
[SourceVersion "1"]
[SourceVersionDate "2014.11.20"]
[SourceQuality "1"]
[WhiteTeam "HVSE Infraplan"]
[BlackTeam "MLTC"]
[WhiteTeamCountry "HUN"]
[BlackTeamCountry "HUN"]

1. e4 c5 2. Nf3 e6 3. d4 cxd4 4. Nxd4 a6 5. Be2 b5 6. a4 b4 7. Bf3 Bb7 8. e5 Nc6 9. Nxc6 Bxc6 10. Bxc6 dxc6 11. Qe2 Ne7 12. Nd2 Nd5 13. 0-0 Be7 14. a5 0-0 15. Nc4 Qc7 16. Be3 c5 17. Rad1 f6 18. exf6 Rxf6 19. Bg5 Rg6 20. Qe4 Rd8 21. Bxe7 Qxe7 22. Ne5 Rh6 23. g3 Qc7 24. Ng4 Rg6 25. Ne5 Rf6 26. Ng4 Rg6 27. h4 Qc8 28. Rfe1 Rf8 29. Ne5 Rgf6 30. Re2 Kh8 31. Ng4 Rg6 32. Ne5 Rgf6 33. Ng4 Rg6 34. h5 Nf6 35. Nxf6 Rgxf6 36. Rd6 Qe8 37. Rxa6 Qxh5 38. Rxe6 R6f7 39. Re5 Qh6 40. b3 Qd6 41. Re8 h6 42. Rxf8+ Rxf8 43. Qe5 Qc6 44. Rd2 Qb5 45. Rd6 Kh7 46. Qe4+ Kh8 47. Qe7 Qb8 48. Rd7 Rg8 49. a6 1-0

[Event "HUN-chT 1213"]
[Site "Hungary"]
[Date "2013.03.03"]
[Round "8"]
[White "Meszaros, Michal"]
[Black "Horvath, David G"]
[Result "1/2-1/2"]
[WhiteElo "2412"]
[BlackElo "2386"]
[PlyCount "114"]
[EventDate "2012.09.16"]
[EventType "team-tourn"]
[EventRounds "9"]
[EventCountry "HUN"]
[SourceTitle "EXT 2014"]
[Source "ChessBase"]
[SourceDate "2013.11.20"]
[SourceVersion "1"]
[SourceVersionDate "2013.11.20"]
[SourceQuality "1"]
[WhiteTeam "HVSE Infraplan"]
[BlackTeam "MLTC"]
[WhiteTeamCountry "HUN"]
[BlackTeamCountry "HUN"]

1. e4 e6 2. d4 d5 3. Nc3 Nf6 4. e5 Nfd7 5. f4 c5 6. Nf3 Nc6 7. Be3 Be7 8. Qd2 0-0 9. g3 a6 10. Bg2 Qc7 11. 0-0 b5 12. Ne2 cxd4 13. Nfxd4 Bb7 14. g4 Nc5 15. g5 Ne4 16. Qe1 Bc5 17. Kh1 Rae8 18. Qh4 Nxd4 19. Bxd4 Bxd4 20. Nxd4 Qe7 21. Rf3 f5 22. Rh3 g6 23. Nxe6 Rf7 24. Nd4 Qb4 25. Nb3 Qc4 26. Rc1 d4 27. Rd3 Rd8 28. a3 Rc7 29. Qe1 Ba8 30. Kg1 Kg7 31. Qd1 Rcd7 32. c3 Bd5 33. Nxd4 Nc5 34. Rd2 Bxg2 35. Rxg2 Nd3 36. b3 Qc5 37. Qxd3 Rxd4 38. cxd4 Qxc1+ 39. Qf1 Qe3+ 40. Qf2 Qc1+ 41. Qf1 Qe3+ 42. Qf2 Qxb3 43. Qc2 Qxc2 44. Rxc2 Rxd4 45. Rc7+ Kg8 46. Rc8+ Kf7 47. Rc7+ Kf8 48. Rc8+ Ke7 49. Rc7+ Ke6 50. Rc6+ Kd7 51. Rxa6 Rxf4 52. Ra7+ Ke6 53. Rxh7 b4 54. axb4 Rxb4 55. Rh6 Kxe5 56. Rxg6 Kf4 57. Ra6 Kxg5 1/2-1/2

[Event "SVK-chT1W 1213"]
[Site "Slovakia"]
[Date "2013.01.12"]
[Round "5.1"]
[White "Meszaros, Michal"]
[Black "Vojtek, Vladimir"]
[Result "1/2-1/2"]
[WhiteElo "2412"]
[BlackElo "2283"]
[PlyCount "51"]
[EventDate "2012.10.20"]
[EventType "team-tourn"]
[EventRounds "11"]
[EventCountry "SVK"]
[SourceTitle "EXT 2015"]
[Source "ChessBase"]
[SourceDate "2014.11.20"]
[SourceVersion "1"]
[SourceVersionDate "2014.11.20"]
[SourceQuality "1"]
[WhiteTeam "Osuske"]
[BlackTeam "Povazska Bystrica"]
[WhiteTeamCountry "SVK"]
[BlackTeamCountry "SVK"]

1. e4 Nc6 2. Nf3 d5 3. exd5 Qxd5 4. Nc3 Qa5 5. d4 Nf6 6. Bd2 a6 7. Bc4 Qh5 8. Ne5 Bg4 9. Nxg4 Qxg4 10. Qxg4 Nxg4 11. d5 Nd4 12. Bd3 g6 13. Bf4 e5 14. dxe6 Nxe6 15. Bg3 Bg7 16. 0-0-0 Ne5 17. Rhe1 Nxd3+ 18. Rxd3 0-0 19. Nd5 c6 20. Nc7 Nxc7 21. Bxc7 Rfe8 22. Rxe8+ Rxe8 23. b3 Bf6 24. Kd2 h5 25. Bb6 Kg7 26. Rd7 1/2-1/2

[Event "SVK-chT 1213"]
[Site "Slovakia"]
[Date "2012.11.25"]
[Round "4.3"]
[White "Pacher, Milan"]
[Black "Meszaros, Michal"]
[Result "0-1"]
[WhiteElo "2436"]
[BlackElo "2412"]
[PlyCount "114"]
[EventDate "2012.10.27"]
[EventType "team-tourn"]
[EventRounds "11"]
[EventCountry "SVK"]
[SourceTitle "EXT 2014"]
[Source "ChessBase"]
[SourceDate "2013.11.20"]
[SourceVersion "1"]
[SourceVersionDate "2013.11.20"]
[SourceQuality "1"]
[WhiteTeam "Bratislava Doprastav"]
[BlackTeam "Trencin"]
[WhiteTeamCountry "SVK"]
[BlackTeamCountry "SVK"]

1. e4 c5 2. Nf3 Nc6 3. d4 cxd4 4. Nxd4 Qb6 5. Nb3 Nf6 6. Nc3 e6 7. Bd3 Be7 8. 0-0 a6 9. Qe2 d6 10. Bg5 h6 11. Bh4 g5 12. Bg3 e5 13. Nd5 Nxd5 14. exd5 Nb4 15. Bc4 a5 16. Bb5+ Kf8 17. c4 f6 18. a3 Na6 19. Kh1 Qc7 20. f3 b6 21. Nc1 Nc5 22. Bf2 Bf5 23. Bc6 Ra7 24. b3 Kg7 25. Ra2 Ne6 26. Be3 Rb8 27. Rd2 Nd8 28. Bb5 Bd7 29. Bxd7 Qxd7 30. a4 f5 31. Na2 Bf6 32. Nc3 Nf7 33. Nb5 Raa8 34. Qf2 Qb7 35. Re2 f4 36. Bc1 h5 37. Ba3 Qd7 38. Qe1 Rc8 39. Qb1 g4 40. Nc3 Nh6 41. Ne4 Be7 42. Bb2 Rf8 43. Ref2 Qf5 44. Bc3 Qg6 45. Rb2 Nf5 46. Be1 Rab8 47. Bf2 g3 48. Be1 gxh2 49. Kxh2 h4 50. Rh1 Rh8 51. Kg1 h3 52. Rh2 Kf7 53. Bf2 hxg2 54. Rxg2 Qh7 55. Kf1 Qh3 56. Qd3 Rbg8 57. Bxb6 Nh4 0-1

[Event "HUN-chT 1213"]
[Site "Hungary"]
[Date "2012.11.04"]
[Round "3"]
[White "Vegh, Endre"]
[Black "Meszaros, Michal"]
[Result "1/2-1/2"]
[WhiteElo "2291"]
[BlackElo "2412"]
[PlyCount "30"]
[EventDate "2012.09.16"]
[EventType "team-tourn"]
[EventRounds "9"]
[EventCountry "HUN"]
[SourceTitle "EXT 2013"]
[Source "ChessBase"]
[SourceDate "2012.11.22"]
[SourceVersion "1"]
[SourceVersionDate "2012.11.22"]
[SourceQuality "1"]
[WhiteTeam "Dunaharaszti"]
[BlackTeam "HVSE Infraplan"]
[WhiteTeamCountry "HUN"]
[BlackTeamCountry "HUN"]

1. d4 Nf6 2. c4 g6 3. Nc3 d5 4. Nf3 Bg7 5. Qa4+ c6 6. cxd5 Nxd5 7. e4 Nxc3 8. bxc3 0-0 9. Be2 c5 10. Be3 Nc6 11. 0-0 Bd7 12. Qa3 cxd4 13. cxd4 Bg4 14. d5 Bxf3 15. Bxf3 Nd4 1/2-1/2

[Event "SVK-ch op-A"]
[Site "Banska Stiavnica"]
[Date "2012.07.12"]
[Round "6"]
[White "Varga, Zoltan"]
[Black "Meszaros, Michal"]
[Result "1-0"]
[WhiteElo "2477"]
[BlackElo "2411"]
[PlyCount "165"]
[EventDate "2012.07.07"]
[EventType "swiss"]
[EventRounds "9"]
[EventCountry "SVK"]
[SourceTitle "CBM 149 Extra"]
[Source "ChessBase"]
[SourceDate "2012.08.24"]
[SourceVersion "1"]
[SourceVersionDate "2012.08.24"]
[SourceQuality "1"]

1. c4 Nf6 2. Nc3 g6 3. e4 d6 4. d4 Bg7 5. f3 0-0 6. Bg5 c5 7. d5 h6 8. Bf4 Nbd7 9. Qd2 h5 10. Nh3 Ne5 11. Nf2 e6 12. Be2 a6 13. a4 exd5 14. cxd5 Nh7 15. 0-0 Bd7 16. Bh6 f5 17. Bxg7 Kxg7 18. f4 Nf7 19. b4 b6 20. Rab1 Nf6 21. bxc5 bxc5 22. Rb7 Bc8 23. Rb3 Re8 24. Qb2 Kh7 25. Bf3 Ra7 26. Rb8 Nd7 27. Rb3 Nf6 28. h3 Rae7 29. Re1 Qa5 30. Re2 c4 31. Rb6 h4 32. Kh2 Nd7 33. Rc6 Nc5 34. e5 dxe5 35. d6 Nxd6 36. Rxd6 Nd3 37. Nxd3 cxd3 38. Rxd3 e4 39. Nd5 Rb7 40. Nf6+ Kh6 41. Qd4 Rf8 42. Bxe4 fxe4 43. Rxe4 Bf5 44. Ng4+ Kh7 45. Re8 Rxe8 46. Nf6+ Kh6 47. Nxe8 Qb4 48. Nd6 Qxd4 49. Rxd4 Rb6 50. a5 Rc6 51. Nxf5+ gxf5 52. Rb4 Kh5 53. Rb8 Rc5 54. Rh8+ Kg6 55. Rxh4 Rxa5 56. g4 Ra2+ 57. Kg3 Ra3+ 58. Kf2 Ra2+ 59. Kf3 Ra3+ 60. Ke2 Ra2+ 61. Kd3 Ra3+ 62. Kd2 Ra2+ 63. Kc3 Ra4 64. g5 Kg7 65. Kd3 Re4 66. Rh6 Rxf4 67. Ke3 Ra4 68. Kf3 a5 69. Kg3 Ra1 70. Rf6 Ra3+ 71. Kh4 Ra4+ 72. Kh5 f4 73. h4 Rb4 74. Kg4 f3+ 75. Kg3 a4 76. h5 Rb5 77. h6+ Kh7 78. Rf7+ Kg8 79. h7+ Kh8 80. Kg4 Ra5 81. Kh5 a3 82. Kh6 Ra8 83. g6 1-0

[Event "SVK-ch op-A"]
[Site "Banska Stiavnica"]
[Date "2012.07.11"]
[Round "5"]
[White "Meszaros, Michal"]
[Black "Wozniak, Mariola"]
[Result "1-0"]
[WhiteElo "2411"]
[BlackElo "1891"]
[PlyCount "83"]
[EventDate "2012.07.07"]
[EventType "swiss"]
[EventRounds "9"]
[EventCountry "SVK"]
[SourceTitle "CBM 149 Extra"]
[Source "ChessBase"]
[SourceDate "2012.08.24"]
[SourceVersion "1"]
[SourceVersionDate "2012.08.24"]
[SourceQuality "1"]

1. e4 c5 2. Nf3 d6 3. d4 cxd4 4. Nxd4 Nf6 5. Nc3 a6 6. h3 e6 7. g4 Be7 8. Bg2 Nc6 9. Be3 0-0 10. 0-0 Nd7 11. a4 Nde5 12. Nde2 Bd7 13. b3 Qc7 14. f4 Ng6 15. g5 Nh4 16. Bh1 f5 17. Qe1 Ng6 18. exf5 Rxf5 19. Be4 Rff8 20. h4 Bd8 21. Rd1 Nge7 22. Ng3 d5 23. Qd2 Qa5 24. Nce2 Qxd2 25. Rxd2 Ba5 26. Rdd1 Rfd8 27. Bg2 b5 28. axb5 axb5 29. Bh3 b4 30. h5 Ra6 31. h6 gxh6 32. gxh6 Bb6 33. Bxb6 Rxb6 34. Ne4 Bc8 35. Ng5 e5 36. Bxc8 Nxc8 37. f5 Nd4 38. Nxd4 exd4 39. f6 Rf8 40. f7+ Kh8 41. Rde1 Nd6 42. Rf6 1-0

[Event "SVK-chT 1112"]
[Site "Slovakia"]
[Date "2012.03.11"]
[Round "11.2"]
[White "Priehoda, Vitezslav"]
[Black "Meszaros, Michal"]
[Result "1/2-1/2"]
[WhiteElo "2388"]
[BlackElo "2377"]
[PlyCount "24"]
[EventDate "2011.10.22"]
[EventType "team-tourn"]
[EventRounds "11"]
[EventCountry "SVK"]
[SourceTitle "EXT 2013"]
[Source "ChessBase"]
[SourceDate "2012.11.22"]
[SourceVersion "1"]
[SourceVersionDate "2012.11.22"]
[SourceQuality "1"]
[WhiteTeam "Prievidza"]
[BlackTeam "Trencin"]
[WhiteTeamCountry "SVK"]
[BlackTeamCountry "SVK"]

1. d4 Nf6 2. c4 g6 3. Nc3 d5 4. Bf4 Bg7 5. e3 0-0 6. Rc1 Be6 7. Nf3 dxc4 8. Ng5 Bd5 9. e4 h6 10. exd5 hxg5 11. Bxg5 Nxd5 12. Bxc4 Nb6 1/2-1/2